| 000 | 00724nam a2200241Ia 4500 | ||
|---|---|---|---|
| 003 | OSt | ||
| 005 | 20220926022428.0 | ||
| 006 | a|||||r|||| 00| 0 | ||
| 007 | ta | ||
| 008 | 220923b |||||||| |||| 00| 0 eng d | ||
| 037 | _cGeneral Book | ||
| 040 |
_aRTL _cRTL _beng |
||
| 041 |
_2eng _aeng |
||
| 082 | _aX9(JB).1.N9, N2 (UN) | ||
| 110 | _aUnited Nations. Economic Commission for Europe | ||
| 245 | 0 | _aForest resources of the temperate zones | |
| 260 |
_aNew York _bUnited Nations U. S. A. _c1992 |
||
| 300 |
_a32p. _ccm. |
||
| 650 | _aForestry Industry | ||
| 700 | _aUnited Nations. Economic Commission for Europe | ||
| 942 |
_hX9(JB).1.N9, N2 (UN) _cGB _2CC |
||
| 999 |
_c639461 _d639461 |
||